000 00489nam a2200157Ia 4500
003 GCL
008 140319s9999 xx 000 0 ara d
040 _aGCL /
_cGCL
082 0 4 _a810.9
_bر ب
245 1 0 _aبين المعداوى و فدوى طوقان صفحات مجهولة من الادب العربى المعاصر
300 _a431 ص
490 _aمؤلفات رجاء النقاش
_v0
650 0 4 _aالشعر العربى
650 0 4 _aتاريخ ونقد
942 _2ddc
_cBK
999 _c44364
_d44364